LEADER 00990nam a2200253 4500 001 000000337572 003 CaOOAMICUS 005 20191029093942.0 008 191029s1985 it 000 u ita r 020 $a88-200-0469-0 040 $aSeMil$bita 100 1 $aSheldon, Sidney,$d<1917-2007>.$0(OLS)http://semarc/name/110384 240 10$aIf tomorrow comes.$0(OLS)http://semarc/title/426550 245 10$aSe domani verrā /$cSidney Sheldon. 264 1$aMilano :$bSperling & Kupfer,$c1985. 300 $a480 p. ;$c20 cm 500 $aTrad. di Roberta Rambelli 830 0$aPandora ;$v268.$0(OLS)http://semarc/title/24273 850 $aSeMil 852 $aSeMil$W1$xVenegono$y1$m1V VI 338$j217986$B229153$CSeMilBibl$Z2$F229153 $8B 996 $6020$a88-200-0469-0$9(OLS)http://semarc/number/289060 996 $6245$aSe domani verrā$9(OLS)http://semarc/title/426551 996 $6264$aMilano :$bSperling & Kupfer$9(OLS)http://semarc/publisher/31721 LEADER 00792nam a2200205 i 4500 001 000000179943 003 CaOOAMICUS 005 20090611000000.0 008 090611s1957 it u000 u fre u 013 $a157559 040 $aSeMil$bita 245 10$a1721-1768. 300 $aXXXVI, 171 p. 490 0 $aStudi e testi passionisti ;$v3 700 1 $aLaer, Hilarion : van.$0(OLS)http://semarc/name/9666 773 0 $aLaer, Hilarion : van$tSaint Paul de la Croix et le Saint-Sičge.$dSan Gabriele dell'Addolorata (TE) : Edizioni Eco, 1957.$g1$w()21621 830 0$aStudi e testi passionisti ;$v3.$0(OLS)http://semarc/title/19135 850 $aSeMil 852 $aSeMil$W1$xVenegono$y1$m3B IV 101$j130696$B130696$CSeMilBibl$Z2$F142226 $81 996 $6245$a1721-1768$9(OLS)http://semarc/title/258368